| 000 | 00645nam a2200217Ii 4500 | ||
|---|---|---|---|
| 003 | JO-AjNU | ||
| 008 | 230606s9999||||xx |||||||||||||| ||und|| | ||
| 020 | _a978-1-4129-0884-9/978-1-4129-1012-5 | ||
| 040 |
_aJO-AjNU _beng _erda _cJO-AjNU |
||
| 041 | _aeng | ||
| 050 | 1 | 4 | _aHB615.D68.2010 |
| 100 | 3 |
_aDown,Simon, _eauthor _91734 |
|
| 245 | 0 | 0 | _aEnterprise Entrepreneurship and Small Business |
| 250 | _a1 ed | ||
| 264 | 3 | 1 | _aLos Angeles:SAGE.2010 |
| 300 | _a234p | ||
| 336 |
_atext _btxt _2rdacontent |
||
| 337 |
_aunmediated _bn _2rdamedia |
||
| 338 |
_avolume _bnc _2rdacarrier |
||
| 650 | 4 |
_aEntrepreneurship -Small business- China. _91735 |
|
| 999 |
_aE915 _c915 _d915 |
||